Enrique Mosconi /
Guardado en:
| Autor Corporativo: | |
|---|---|
| Formato: | |
| Materias: | |
| Etiquetas: |
Agregar Etiqueta
Sin Etiquetas, Sea el primero en etiquetar este registro!
|
| LEADER | 00909ngm a22002415g 4500 | ||
|---|---|---|---|
| 001 | CEM.cems022897 | ||
| 008 | 130507b2008##################0###0#####d | ||
| 005 | 20241126144825.0 | ||
| 245 | 1 | 0 | |a Enrique Mosconi / |c Canal Encuentro. |
| 300 | |a 31'. | ||
| 500 | |a En soporte VHS, consultar en ventanilla. | ||
| 505 | 0 | |a Los yacimientos de Comodoro Rivadavia. YPF. Enrique Mosconi: su vida. Participación en el ejército. Su designación al frente de YPF. La política petrolera. Legado histórico. Muerte de Mosconi. | |
| 538 | |a Soporte: VHS - Norma: Pal N - Color: Si - Grabación DRD 2008 - Hitachi=4870 | ||
| 110 | 2 | |a Canal Encuentro. | |
| 082 | 9 | 8 | |/ ENC |
| 653 | |a HISTORIA | ||
| 653 | |a HISTORIA ARGENTINA | ||
| 653 | |a MOSCONI | ||
| 653 | |a YPF | ||
| 653 | |a PETROLEO | ||
| 653 | |a NIVEL PRIMARIO | ||
| 653 | |a NIVEL SECUNDARIO | ||
| 859 | |a CEMS |b BIB. CEMS - Depto. Recursos Didacticos |h 982 |i ENC |k DRD |p 1540.12 |t Ej.1 | ||
